Encyclopedia of volcanoes

Αποθηκεύτηκε σε:
Λεπτομέρειες βιβλιογραφικής εγγραφής
Άλλοι συγγραφείς: Sigurdsson, Haraldur (Επιμελητής έκδοσης)
Μορφή: Βιβλίο
Γλώσσα:English
Δημοσίευση: San Diego : Academic Press, 2000
Θέματα:
Ετικέτες: Προσθήκη ετικέτας
Δεν υπάρχουν, Καταχωρήστε ετικέτα πρώτοι!

MARC

LEADER 00000nam a2200000 i 4500
001 1/81755
008 080411s2000 eng d
020 |a 978-0-12-643140-7 
020 |a 0-12-643140-X 
035 |l 10096523 
040 |a GR-MY-UA  |b gre  |e aacr 
041 0 |a eng 
082 0 |a 551.2103  |2 (22) 
245 1 0 |a Encyclopedia of volcanoes /  |c editor-in-chief, Haraldur Sigurdsson ; associate editors, Bruce F. Houghton ... [κ.ά.] ; forword by Robert D. Ballard 
260 |a San Diego :   |b Academic Press,   |c 2000 
300 |a xxiv, 1417 σ.;  |b εικ. (μερ. έγχρ.), χάρτες (μερ. έγχρ.);  |c 29 εκ. 
504 |a Περιέχει βιβλιογραφικές παραπομπές και ευρετήριο 
650 0 0 |a Volcanoes  |x Encyclopedias. 
700 1 |a Sigurdsson, Haraldur.  |4 edt 
852 |a INST  |b LESVOS  |e 20080411  |h 551.2103 ENC  |p 005100039578  |q 005100039578  |t BK  |y 0 
852 |a INST  |b LESVOS  |e 20080908  |h 551.2103 ENC  |p 005100043038  |q 005100043038  |t BK  |y 0 
901 |a BIBL1-2008-1 
901 |a BIBL1-2008-2 
909 |a Λ  |b 143308 
909 |a Λ  |b 151082 
922 |a 1ΕΛΗ  |b 200712  |c ΕΠΕΑΕΚ2/ΤΕΘ  |d ΠΑΠΑΣΩΤΗΡΙΟΥ 
922 |a 1ΕΛΗ  |b 200802  |c ΕΠΕΑΕΚ2/ΤΓ  |d ΕΛΕΥΘΕΡΟΥΔΑΚΗΣ 
970 |a ΚΑΡΑ  |b ΓΙΑΣΕΜΗ  |z 2008/04/11